000 00767nam a22002412i 4500
001 23666
003 BD-RjUL
005 20211209000945.0
008 140311q19691956xx 001 0 eng d
035 _a(BD-RjUL)23731
040 _aWHE
_cWHE
_dOCL
_dPLF
_dEQO
_dBD-RjUL
_beng
041 _aeng
082 _a928.223
_bHAS
090 _aPR2894
_b.H258
100 1 _aHalliday, F. E.
_q(Frank Ernest),
_d1903-
_954125
245 0 0 _aShakespeare :
_ba pictorial biography /
_cby F. E. Halliday
260 _aLondon :
_bThames and Hudson,
_c1956 [reprinted 1969]
300 _a147 p. (39 leaves of plates) :
_bill. ;
_c24 cm
490 1 _aA Studio publication
600 1 0 _aShakespeare, William,
_d1564-1616
_972868
830 2 _aA Studio publication
_972869
942 _2ddc
_cBK
999 _c23666
_d23666